Lewin v Barratt Homes Ltd (Record no. 62452)

MARC details
000 -LEADER
fixed length control field 01033cam a2200217 4500
001 - CONTROL NUMBER
control field ABS61839
008 - FIXED-LENGTH DATA ELEMENTS--GENERAL INFORMATION
fixed length control field 000000n2000 000 0 eng u
035 ## - SYSTEM CONTROL NUMBER
System control number (Sirsi) u104072
245 ## - TITLE STATEMENT
Title Lewin v Barratt Homes Ltd
260 ## - PUBLICATION, DISTRIBUTION, ETC.
Date of publication, distribution, etc. 2000
490 ## - SERIES STATEMENT
Series statement Estates Gazette Law Reports
Volume/sequential designation [2000] 03 EG 132-136(5)
520 ## - SUMMARY, ETC.
Summary, etc. QBD 19 November 1999. B was a developer of private houses. L was a trading standards officer who claimed B had misled two prospective purchasers about the external design of their houses. There were four charges against the developer in respect of false and misleading statements. Magistrates dismissed the charges on the grounds that they were promises as to the future and not statements of existing fact. L appealed. Appeal allowed.
590 ## - LOCAL NOTE (RLIN)
Local note ABS
650 ## - SUBJECT ADDED ENTRY--TOPICAL TERM
Topical term or geographic name entry element LEWIN V BARRATT HOMES LTD
650 ## - SUBJECT ADDED ENTRY--TOPICAL TERM
Topical term or geographic name entry element PROPERTY MISDESCRIPTIONS ACT 1991
650 ## - SUBJECT ADDED ENTRY--TOPICAL TERM
Topical term or geographic name entry element TRADING STANDARDS
650 ## - SUBJECT ADDED ENTRY--TOPICAL TERM
Topical term or geographic name entry element DEVELOPERS
650 ## - SUBJECT ADDED ENTRY--TOPICAL TERM
Topical term or geographic name entry element HOUSING DESIGN
690 ## - LOCAL SUBJECT ADDED ENTRY--TOPICAL TERM (OCLC, RLIN)
Topical term or geographic name as entry element PROPERTY AND LAND LAW-AGENCY-RESIDENTIAL-CASE LAW
942 ## - ADDED ENTRY ELEMENTS (KOHA)
Suppress in OPAC 0
Holdings
Withdrawn status Lost status Source of classification or shelving scheme Damaged status Not for loan Home library Current library Shelving location Date acquired Total Checkouts Full call number Barcode Date last seen Copy number Price effective from Koha item type
    Dewey Decimal Classification     London London Journal article 08/02/2000   ABS61839 104072-1001 06/08/2019 1 06/08/2019 Law report